<?xml version="1.0" encoding="UTF-8"?><marc:collection xmlns:marc="http://www.loc.gov/MARC21/slim">
  <marc:record>
    <marc:leader>00000nam  2200000za 4500</marc:leader>
    <marc:controlfield tag="001">9.850838</marc:controlfield>
    <marc:controlfield tag="003">CaOODSP</marc:controlfield>
    <marc:controlfield tag="005">20221107154241</marc:controlfield>
    <marc:controlfield tag="007">cr |||||||||||</marc:controlfield>
    <marc:controlfield tag="008">180205s2017    oncabd| o    f000 0 eng d</marc:controlfield>
    <marc:datafield tag="040" ind1=" " ind2=" ">
      <marc:subfield code="a">CaOODSP</marc:subfield>
      <marc:subfield code="b">eng</marc:subfield>
    </marc:datafield>
    <marc:datafield tag="043" ind1=" " ind2=" ">
      <marc:subfield code="a">n-cn-nf</marc:subfield>
      <marc:subfield code="a">n-cn-qu</marc:subfield>
      <marc:subfield code="a">n-cnm--</marc:subfield>
    </marc:datafield>
    <marc:datafield tag="086" ind1="1" ind2=" ">
      <marc:subfield code="a">Fs149-10/2017-1E-PDF</marc:subfield>
    </marc:datafield>
    <marc:datafield tag="245" ind1="0" ind2="0">
      <marc:subfield code="a">Incident report </marc:subfield>
      <marc:subfield code="h">[electronic resource] : </marc:subfield>
      <marc:subfield code="b">North Atlantic right whale mortality event in the Gulf of St. Lawrence, 2017 / </marc:subfield>
      <marc:subfield code="c">authors, Pierre-Yves Daoust ... [et al.].</marc:subfield>
    </marc:datafield>
    <marc:datafield tag="246" ind1="3" ind2="0">
      <marc:subfield code="a">North Atlantic right whale mortality event in the Gulf of St. Lawrence, 2017</marc:subfield>
    </marc:datafield>
    <marc:datafield tag="250" ind1=" " ind2=" ">
      <marc:subfield code="a">Modified</marc:subfield>
    </marc:datafield>
    <marc:datafield tag="260" ind1=" " ind2=" ">
      <marc:subfield code="a">[Ottawa] : </marc:subfield>
      <marc:subfield code="b">Fisheries and Oceans Canada, </marc:subfield>
      <marc:subfield code="c">2017.</marc:subfield>
    </marc:datafield>
    <marc:datafield tag="300" ind1=" " ind2=" ">
      <marc:subfield code="a">256 p. in various pagings : </marc:subfield>
      <marc:subfield code="b">col. charts, ill. (mostly col.), col. maps</marc:subfield>
    </marc:datafield>
    <marc:datafield tag="500" ind1=" " ind2=" ">
      <marc:subfield code="a">"December 29 2017 (modified from October 5 2017)".</marc:subfield>
    </marc:datafield>
    <marc:datafield tag="504" ind1=" " ind2=" ">
      <marc:subfield code="a">Includes bibliographical references.</marc:subfield>
    </marc:datafield>
    <marc:datafield tag="505" ind1="2" ind2="0">
      <marc:subfield code="g">Annex 1.</marc:subfield>
      <marc:subfield code="t">Overview of right whale sightings in the Gulf of St. Lawrence - draft report /</marc:subfield>
      <marc:subfield code="r">Philip K. Hamilton ... [et al.] --</marc:subfield>
      <marc:subfield code="g">Annex 2a.</marc:subfield>
      <marc:subfield code="t">Sighting, incident, and life history information of right whale mortality incidents in Canadian waters in 2017 /</marc:subfield>
      <marc:subfield code="r">Amy Knowlton ... [et al.] --</marc:subfield>
      <marc:subfield code="g">Annex 2b.</marc:subfield>
      <marc:subfield code="t">Sighting, incident and life history information of right whale entanglement incidents in Canadian waters in 2017 /</marc:subfield>
      <marc:subfield code="r">Amy Knowlton ... [et al.] --</marc:subfield>
      <marc:subfield code="g">Annex 3.</marc:subfield>
      <marc:subfield code="t">Newfoundland right whale (NARW) sampling - 28 July to 3 Aug, 2017 /</marc:subfield>
      <marc:subfield code="r">Jack Lawson --</marc:subfield>
      <marc:subfield code="g">Annex 4.</marc:subfield>
      <marc:subfield code="t">DNA profiling and identification of dead North Atlantic right whales in the Gulf of the St. Lawrence /</marc:subfield>
      <marc:subfield code="r">Brad White --</marc:subfield>
      <marc:subfield code="g">Annex 5.</marc:subfield>
      <marc:subfield code="t">Oceanographic trajectory hindcasting of the dead North Atlantic right whales /</marc:subfield>
      <marc:subfield code="r">Joël Chassé --</marc:subfield>
      <marc:subfield code="g">Annex 6. </marc:subfield>
      <marc:subfield code="t">Toxic algae and phycotoxin testing during the right whale mortality event, 2017 /</marc:subfield>
      <marc:subfield code="r">Michael Scarratt ... [et al.] --</marc:subfield>
      <marc:subfield code="g">Annex 7a.</marc:subfield>
      <marc:subfield code="t">Inquiry of entanglement of NARW #4 female Starboard (necropsy #3) /</marc:subfield>
      <marc:subfield code="r">Ron Belliveau --</marc:subfield>
      <marc:subfield code="g">Annex 7b.</marc:subfield>
      <marc:subfield code="t">Entangled right whale EG#4 fishing gear report, catalog #3603 “Starboard” MARS2017-143 /</marc:subfield>
      <marc:subfield code="r">Jen Jakush and Tonya Wimmer --</marc:subfield>
      <marc:subfield code="g">Annex 7c.</marc:subfield>
      <marc:subfield code="t">Entangled right whale #9 fishing gear report, catalog #4504, MARS2017-312 / </marc:subfield>
      <marc:subfield code="r">Tonya Wimmer --</marc:subfield>
      <marc:subfield code="g">Annex 8.</marc:subfield>
      <marc:subfield code="t">Glucocorticoid assay results for fecal samples collected from North Atlantic right whales during the 2017 mortality event /</marc:subfield>
      <marc:subfield code="r">Rosalind Rolland and Katherine Graham --</marc:subfield>
      <marc:subfield code="g">Annex 9.</marc:subfield>
      <marc:subfield code="t">Individual necropsy reports.</marc:subfield>
    </marc:datafield>
    <marc:datafield tag="520" ind1=" " ind2=" ">
      <marc:subfield code="a">“The present incident report provides the details and conclusions of the investigation into the North Atlantic right whale mortality event experienced in 2017 in the Gulf of St. Lawrence. The report focusses primarily on the necropsy findings which were prepared by lead veterinarians affiliated with the Canadian Wildlife Health Cooperative. These findings were analysed collaboratively amongst the lead veterinarians (authors) and in consultation with other North American veterinarians and researchers. The Marine Animal Response Society and Fisheries and Oceans Canada have provided analyses and contextual information relevant to the interpretation of the key findings presented by the lead veterinarians. Given the desire for producing timely findings which are relevant in addressing the North Atlantic right whale mortality event in the Gulf of St. Lawrence, the scope of this report addresses only key relevant information on North Atlantic right whales and human activities which are considered to have played a role in this incident. As such, it is not intended to provide a complete portrait of the North Atlantic right whale population nor of the human activities occurring in the Gulf of St. Lawrence. These findings are meant to provide a basis for the advancement of conservation actions, including decisions in response to this unprecedented mortality event”--Preface, p. iv.</marc:subfield>
    </marc:datafield>
    <marc:datafield tag="692" ind1="0" ind2="7">
      <marc:subfield code="2">gccst</marc:subfield>
      <marc:subfield code="a">Endangered species</marc:subfield>
    </marc:datafield>
    <marc:datafield tag="692" ind1="0" ind2="7">
      <marc:subfield code="2">gccst</marc:subfield>
      <marc:subfield code="a">Whales</marc:subfield>
    </marc:datafield>
    <marc:datafield tag="692" ind1="0" ind2="7">
      <marc:subfield code="2">gccst</marc:subfield>
      <marc:subfield code="a">Death</marc:subfield>
    </marc:datafield>
    <marc:datafield tag="692" ind1="0" ind2="7">
      <marc:subfield code="2">gccst</marc:subfield>
      <marc:subfield code="a">Investigations</marc:subfield>
    </marc:datafield>
    <marc:datafield tag="692" ind1="0" ind2="7">
      <marc:subfield code="2">gccst</marc:subfield>
      <marc:subfield code="a">Nature conservation</marc:subfield>
    </marc:datafield>
    <marc:datafield tag="700" ind1="1" ind2=" ">
      <marc:subfield code="a">Daoust, Pierre-Yves, </marc:subfield>
      <marc:subfield code="d">1951-</marc:subfield>
    </marc:datafield>
    <marc:datafield tag="710" ind1="1" ind2=" ">
      <marc:subfield code="a">Canada. </marc:subfield>
      <marc:subfield code="b">Department of Fisheries and Oceans.</marc:subfield>
    </marc:datafield>
    <marc:datafield tag="710" ind1="2" ind2=" ">
      <marc:subfield code="a">Canadian Wildlife Health Cooperative.</marc:subfield>
    </marc:datafield>
    <marc:datafield tag="710" ind1="2" ind2=" ">
      <marc:subfield code="a">Marine Animal Response Society.</marc:subfield>
    </marc:datafield>
    <marc:datafield tag="795" ind1=" " ind2=" ">
      <marc:subfield code="t">Incident report </marc:subfield>
      <marc:subfield code="w">(CaOODSP)9.845760</marc:subfield>
    </marc:datafield>
    <marc:datafield tag="856" ind1="4" ind2="0">
      <marc:subfield code="q">PDF</marc:subfield>
      <marc:subfield code="s">71.84 MB</marc:subfield>
      <marc:subfield code="u">https://publications.gc.ca/collections/collection_2018/mpo-dfo/Fs149-10-2017-1-eng.pdf</marc:subfield>
    </marc:datafield>
  </marc:record>
</marc:collection>
